[Event "FRA-chT4 1415"]
[Site "Champagne Ardennes"]
[Date "2014.10.12"]
[Round "1"]
[White "Moret, Florian"]
[Black "Boillon, Vincent"]
[Result "0-1"]
[WhiteElo "1936"]
[BlackElo "2092"]
[PlyCount "46"]
[EventDate "2014.10.16"]
[EventType "team-tourn"]
[EventRounds "7"]
[EventCountry "FRA"]
[SourceTitle "EXT 2024"]
[Source "ChessBase"]
[SourceDate "2023.10.10"]
[SourceVersion "1"]
[SourceVersionDate "2023.10.10"]
[SourceQuality "1"]

1. e4 c5 2. Nc3 Nc6 3. f4 d6 4. Nf3 g6 5. Bc4 Bg7 6. 0-0 Nf6 7. Qe1 0-0 8. d3 e6 9. Qh4 d5 10. Bb3 c4 11. exd5 cxb3 12. dxc6 bxc2 13. Ne1 Qd4+ 14. Qf2 Ng4 15. Qxd4 Bxd4+ 16. Kh1 Nf2+ 17. Rxf2 Bxf2 18. cxb7 Bxb7 19. Nxc2 Rfd8 20. d4 Rac8 21. Bd2 Bxd4 22. Nxd4 Rxd4 23. Be3 Rb4 0-1

[Event "Charleville Mezieres op 5th"]
[Site "Charleville Mezieres"]
[Date "2008.??.??"]
[Round "4"]
[White "Szylar, Eric"]
[Black "Boillon, Vincent"]
[Result "1/2-1/2"]
[WhiteElo "2086"]
[BlackElo "2157"]
[PlyCount "47"]
[EventDate "2008.12.26"]
[EventType "swiss"]
[EventRounds "7"]
[EventCountry "FRA"]
[SourceTitle "CBM 128 Extra"]
[Source "ChessBase"]
[SourceDate "2009.03.05"]
[SourceVersion "2"]
[SourceVersionDate "2009.03.25"]
[SourceQuality "1"]

1. e4 e6 2. d4 d5 3. Nd2 dxe4 4. Nxe4 Nd7 5. Nf3 Be7 6. Bd3 Ngf6 7. Nxf6+ Bxf6 8. 0-0 b6 9. Be4 Rb8 10. Qd3 Bb7 11. Bxb7 Rxb7 12. Qe4 Qc8 13. Bg5 0-0 14. Rfe1 Bxg5 15. Nxg5 Nf6 16. Qh4 c5 17. dxc5 Qxc5 18. c3 Rd7 19. Rad1 Rfd8 20. Rxd7 Rxd7 21. Ne4 Nxe4 22. Qxe4 Qd5 23. Qxd5 Rxd5 24. Kf1 1/2-1/2

[Event "FRA-chT3 North 0304"]
[Site "France"]
[Date "2004.02.01"]
[Round "6.2"]
[White "Boillon, Vincent"]
[Black "Catteau, Bruno"]
[Result "1-0"]
[WhiteElo "2095"]
[BlackElo "2155"]
[PlyCount "61"]
[EventDate "2003.11.??"]
[EventType "team"]
[EventRounds "9"]
[EventCountry "FRA"]
[SourceTitle "EXT 2006"]
[Source "ChessBase"]
[SourceDate "2005.11.24"]
[SourceVersion "1"]
[SourceVersionDate "2005.11.24"]
[SourceQuality "1"]
[WhiteTeam "Charleville Mezieres"]
[BlackTeam "Baisieux"]
[WhiteTeamCountry "FRA"]
[BlackTeamCountry "FRA"]

1. d4 d5 2. c4 c6 3. Nc3 e6 4. Nf3 dxc4 5. a4 Bb4 6. e3 b5 7. Bd2 a5 8. Be2 Nf6 9. 0-0 Bb7 10. Qc2 Qb6 11. e4 Bxc3 12. bxc3 Ba6 13. Rfb1 Qc7 14. e5 Nd5 15. Ng5 Nb6 16. Bh5 g6 17. Bf3 Nxa4 18. Ne4 h6 19. Nd6+ Kf8 20. Nxc4 Nxc3 21. Bxc3 bxc4 22. Bxa5 Qd7 23. Bb4+ Kg7 24. Bd6 Rc8 25. Be2 Qd8 26. Bxc4 Bxc4 27. Rxa8 Bb5 28. Qa2 Nd7 29. Ra7 Nb6 30. Qxe6 Qe8 31. Qf6+ 1-0

[Event "FRA-chT3 North 0304"]
[Site "France"]
[Date "2003.11.15"]
[Round "2.2"]
[White "Boillon, Vincent"]
[Black "Lebret, Jean Michel"]
[Result "1/2-1/2"]
[WhiteElo "2095"]
[BlackElo "2252"]
[PlyCount "48"]
[EventDate "2003.11.??"]
[EventType "team"]
[EventRounds "9"]
[EventCountry "FRA"]
[SourceTitle "EXT 2006"]
[Source "ChessBase"]
[SourceDate "2005.11.24"]
[SourceVersion "1"]
[SourceVersionDate "2005.11.24"]
[SourceQuality "1"]
[WhiteTeam "Charleville Mezieres"]
[BlackTeam "Lille II"]
[WhiteTeamCountry "FRA"]
[BlackTeamCountry "FRA"]

1. d4 c5 2. Nf3 cxd4 3. Nxd4 g6 4. g3 Bg7 5. Bg2 Nc6 6. c3 Qb6 7. Nf3 Nf6 8. Nbd2 d5 9. 0-0 0-0 10. Qb3 Qc7 11. Re1 e5 12. e4 dxe4 13. Ng5 h6 14. Ngxe4 Nxe4 15. Nxe4 Be6 16. Qa4 Bd5 17. Bxh6 Bxe4 18. Bxg7 Kxg7 19. Bxe4 Rad8 20. Rad1 f5 21. Bxc6 bxc6 22. Qc4 e4 23. b4 Kf6 24. h4 Rd6 1/2-1/2

[Event "Saint Quentin op 6th"]
[Site "Elancourt"]
[Date "2003.04.16"]
[Round "6"]
[White "Boillon, Vincent"]
[Black "L'Henoret, Thierry"]
[Result "1-0"]
[WhiteElo "2087"]
[BlackElo "2122"]
[PlyCount "81"]
[EventDate "2003.04.12"]
[EventType "swiss"]
[EventRounds "9"]
[EventCountry "FRA"]
[SourceTitle "CBM 093 Extra"]
[Source "ChessBase"]
[SourceDate "2003.05.09"]
[SourceVersion "1"]
[SourceVersionDate "2003.05.09"]
[SourceQuality "1"]

1. d4 d5 2. c4 dxc4 3. e4 Nf6 4. Nc3 e5 5. Nf3 exd4 6. Qxd4 Bd6 7. Bg5 Nc6 8. Qxc4 h6 9. Bh4 Be6 10. Qa4 0-0 11. Be2 Ne5 12. Rd1 Bd7 13. Qb3 Ng6 14. Bg3 Qe7 15. 0-0 Nxe4 16. Nxe4 Qxe4 17. Bxd6 cxd6 18. Bd3 Qe6 19. Bc4 Qf6 20. Qxb7 Bg4 21. Qe4 Ne5 22. Nxe5 Bf5 23. Bxf7+ Kh7 24. Bg6+ Bxg6 25. Qxg6+ Qxg6 26. Nxg6 Kxg6 27. Rxd6+ Rf6 28. Rfd1 Rc8 29. g3 Rc2 30. R1d2 Rc6 31. Rxf6+ gxf6 32. b4 a6 33. Rb2 f5 34. Kg2 Kg5 35. f4+ Kg4 36. a4 Rb6 37. b5 a5 38. h3+ Kh5 39. Kf3 Re6 40. b6 Rxb6 41. g4+ 1-0

[Event "FRA-chT4 0001"]
[Site "Champagne Ardenne"]
[Date "2001.04.01"]
[Round "7"]
[White "Boillon, Vincent"]
[Black "Lefhaili, David"]
[Result "1-0"]
[WhiteElo "2089"]
[BlackElo "2100"]
[PlyCount "74"]
[EventDate "2001.10.??"]
[EventType "team"]
[EventRounds "7"]
[EventCountry "FRA"]
[SourceTitle "EXT 2005"]
[Source "ChessBase"]
[SourceDate "2004.11.15"]
[SourceVersion "1"]
[SourceVersionDate "2004.11.15"]
[SourceQuality "1"]

1. d4 g6 2. c4 Bg7 3. e4 d6 4. Nc3 Nc6 5. Be3 e5 6. Nge2 Nh6 7. d5 Ne7 8. Qd2 Ng4 9. Bg5 h6 10. Bh4 Bf6 11. Bg3 Bg5 12. Qc2 h5 13. h3 Nf6 14. f4 exf4 15. Bxf4 Bxf4 16. Nxf4 Nd7 17. Qf2 Ng8 18. Be2 Ne5 19. 0-0 Qe7 20. b4 b6 21. c5 Nh6 22. Rac1 bxc5 23. bxc5 a6 24. Nd3 0-0 25. Qf4 Nxd3 26. Bxd3 Kg7 27. Na4 f5 28. cxd6 cxd6 29. Nb6 Rb8 30. Nxc8 Rbxc8 31. Rxc8 Rxc8 32. exf5 Rf8 33. Qd4+ Qe5 34. Qxe5+ dxe5 35. fxg6 Rd8 36. Be4 Rd6 37. Rc1 Rd7 1-0

[Event "FRA-chT4 0001"]
[Site "Champagne Ardenne"]
[Date "2000.10.15"]
[Round "1"]
[White "Picard, Serge"]
[Black "Boillon, Vincent"]
[Result "0-1"]
[WhiteElo "2110"]
[BlackElo "2096"]
[PlyCount "84"]
[EventDate "2001.10.??"]
[EventType "team"]
[EventRounds "7"]
[EventCountry "FRA"]
[SourceTitle "EXT 2005"]
[Source "ChessBase"]
[SourceDate "2004.11.15"]
[SourceVersion "1"]
[SourceVersionDate "2004.11.15"]
[SourceQuality "1"]

1. e4 c5 2. c3 Nf6 3. e5 Nd5 4. d4 cxd4 5. Nf3 Nc6 6. cxd4 e6 7. Bd3 Bb4+ 8. Bd2 Qb6 9. Bxb4 Qxb4+ 10. Nbd2 Nf4 11. Bc4 Nxg2+ 12. Kf1 Nf4 13. Rg1 Na5 14. a3 Qe7 15. Ng5 b6 16. Qf3 Nd5 17. Bxd5 exd5 18. b4 Ba6+ 19. Ke1 h6 20. Nh3 Nc6 21. Qxd5 Bb7 22. Ne4 0-0 23. Nd6 Qh4 24. Rg3 Qxd4 25. Qxd4 Nxd4 26. Nxb7 Nc2+ 27. Kd2 Nxa1 28. Kc1 Rac8+ 29. Kb1 Nc2 30. Nd6 Rc7 31. Nb5 Rcc8 32. Kb2 g6 33. Nf4 Kg7 34. Nd5 a6 35. Nd6 Rc6 36. Rc3 Nd4 37. Rxc6 Nxc6 38. Nxb6 Nxe5 39. Kc3 Ng4 40. Kd4 Nxh2 41. Ke3 Ng4+ 42. Kf4 h5 0-1